Mechanizmy verejnej voľby a verejný sektor

Podrobná bibliografia
Hlavný autor: Čaplánová, Anetta, 1967- (Autor)
Médium: Kniha
Jazyk:slovenčina
Fyzický popis:84 s. grafy 21 cm
Vydavateľské údaje: Bratislava Ševt 2006
ISBN:9788088707851
Vydanie:[1. vyd.]
Predmet:

MARC

LEADER 00000nam a22000005a 4500
001 vtls009002080
003 SK-MaSNL
005 20260301092530.0
008 240314s2006 xo d f 000 0 slo
015 |a SNBA2008/07-03859 
020 |a 9788088707851  |q (brož.) 
035 |a 406E5BA7-060F-4041-BB8B-4A93F7E54562 
035 |a urn:nbn:sk:snk-aml1q2 
035 |a urn:nbn:sk:snk-am008nbx 
040 |a SNK  |b slo  |c SNK  |e AACR2 
041 0 |a slo 
044 |a xo  |c SK 
072 7 |a 33  |x Ekonómia  |2 konspekt 
080 |a 334.012.33  |2 2001 
080 |a 334.012.32  |2 2001 
080 |a 342.8  |2 2001 
080 |a (07)  |2 2001 
080 |a 339.1  |2 2001 
100 1 |a Čaplánová, Anetta,  |d 1967-  |4 aut  |9 216180 
245 1 0 |a Mechanizmy verejnej voľby a verejný sektor  |c Anetta Čaplánová 
250 |a [1. vyd.] 
260 |a Bratislava  |b Ševt  |c 2006 
300 |a 84 s.  |b grafy  |c 21 cm 
504 |a Bibliogr. s. 81-83 
650 0 7 |a trhová ekonomika  |2 SNKPH  |9 2374 
650 0 7 |a verejný sektor  |2 SNKPH  |9 31777 
650 0 7 |a súkromný sektor  |2 SNKPH  |9 69343 
650 0 7 |a volebné systémy  |2 SNKPH  |9 3588 
655 7 |a učebné texty  |2 SNKPH  |9 70568 
919 |a 978-80-88707-85-1 
958 |a NB 
958 |a OND 
968 |d 33 
999 |c 674265  |d 676195 
952 |a SNK  |b SNK  |y VYP  |7 0  |p 17A0554851  |o snkSC 128438 D1  |i snk2007/15986  |8 0  |0 0  |1 0  |4 0  |d 2007-06-25  |l 0  |r 2026-02-23 19:37:28  |w 2026-02-23 
952 |a SNK  |b SNK  |y PREZ  |7 0  |p 17A0554850  |o snkSC 128438  |i snk2007/15984  |8 0  |0 0  |1 0  |4 0  |d 2007-06-25  |f 1  |l 0  |r 2025-06-17 00:00:00  |w 2026-02-23